Score 0/24 Timer 06:00
0 Plays Today
Question Answer Wrong Answers
Rachel works as a waitress here Central Perk
88.4%
Chum Bucket
0.7%
The Drunken Clam
0.7%
MacLaren's Pub
1.6%
According to Joey a Muffin and espresso costs $4.50 here Central Perk
88%
Chum Bucket
0.7%
The Drunken Clam
1.1%
MacLaren's Pub
1.5%
Products are: Chum Nuggets, Chumstick and Chumbalaya Chum Bucket
87.8%
The Drunken Clam
2.5%
MacLaren's Pub
0.7%
Central Perk
0.3%
There is a large orange couch Central Perk
84.3%
Chum Bucket
2.1%
The Drunken Clam
2.3%
MacLaren's Pub
2.5%
The manager & barista is Gunther Central Perk
83.5%
Chum Bucket
1.3%
The Drunken Clam
2.3%
MacLaren's Pub
4.3%
This place is exactly a 23-minute cab ride from Barney’s apartment MacLaren's Pub
81.8%
Chum Bucket
2.4%
The Drunken Clam
4.3%
Central Perk
2.6%
It first appears in the episode 'Plankton!' Chum Bucket
81.4%
The Drunken Clam
8.3%
MacLaren's Pub
1.1%
Central Perk
0.4%
Owned by Sheldon J. Plankton Chum Bucket
81.4%
The Drunken Clam
7.7%
MacLaren's Pub
1.9%
Central Perk
0.6%
A failing fast food restaurant right across the street from the Krusty Krab Chum Bucket
81%
The Drunken Clam
9%
MacLaren's Pub
1.1%
Central Perk
0.4%
The local Quahog bar owned by Jerome The Drunken Clam
80.2%
Chum Bucket
5.5%
MacLaren's Pub
4.5%
Central Perk
0.8%
Stewie crashes Brian's Prius through the wall of the place The Drunken Clam
80.2%
Chum Bucket
5.1%
MacLaren's Pub
5%
Central Perk
1%
Lily orders all of 11 deep-fried appetizers on this place’s food menu in an attempt to gain weight so that her wedding dress will fit MacLaren's Pub
79.2%
Chum Bucket
4.5%
The Drunken Clam
4.6%
Central Perk
2.7%
Its animated neon sign on the roof at the front of the building depicts a clam swigging from a bottle The Drunken Clam
78.8%
Chum Bucket
10.9%
MacLaren's
1%
Central Perk
0.6%
Serves Pawtucket Patriot beer The Drunken Clam
71.4%
Chum Bucket
4.8%
MacLaren's Pub
13.6%
Central Perk
1.3%
Burned to the ground when God tries to impress a woman by lighting her cigarette with a thunderbolt The Drunken Clam
70.7%
Chum Bucket
10.7%
MacLaren's Pub
8.4%
Central Perk
1%
Situated in Greenwich Village Central Perk
68.5%
Chum Bucket
1.9%
The Drunken Clam
3.9%
MacLaren's Pub
17%
Arizona Tech Marching Band filled the place with dozens of rowdy college students MacLaren's Pub
66.9%
Chum Bucket
5.7%
The Drunken Clam
12.1%
Central Perk
6.2%
It has a drive-thru Chum Bucket
65.2%
The Drunken Clam
16.7%
MacLaren's Pub
7.1%
Central Perk
2.3%
Had many notable employees including Carl, Doug, Wendy and Karina MacLaren's Pub
63.4%
Chum Bucket
5.3%
The Drunken Clam
10.5%
Central Perk
11.7%
A bar named Puzzles was opened above this place MacLaren's Pub
62.8%
Chum Bucket
5.7%
The Drunken Clam
8.9%
Central Perk
13.4%
Once the main characters arrive in the shop to find their seats taken by Kevin Bright, Marta Kauffman and David Crane Central Perk
60.2%
Chum Bucket
2.8%
The Drunken Clam
6%
MacLaren's Pub
23.7%
Has a painting of legendary city founder Miles 'Chatterbox' Musket The Drunken Clam
54.7%
Chum Bucket
11.4%
MacLaren's Pub
20.3%
Central Perk
4.4%
A door inside leads to the Lab Room Chum Bucket
54.4%
The Drunken Clam
17%
MacLaren's Pub
17.6%
Central Perk
2%
Based on a bar at 240 West 55th Street in New York City MacLaren's Pub
53.4%
Chum Bucket
1.3%
The Drunken Clam
2.4%
Central Perk
34.3%
Remove Ads.
Support Sporcle.
Get the best of Sporcle when you Go Orange. This ad-free experience offers more features, more stats, and more fun while also helping to support Sporcle. Thank you for becoming a member.

You're not logged in!

Compare scores with friends on all Sporcle quizzes.
OR
Log In

Show Comments

Extras

Top Quizzes Today


Score Distribution

Your Account Isn't Verified!

In order to create a playlist on Sporcle, you need to verify the email address you used during registration. Go to your Sporcle Settings to finish the process.

Report this User

Report this user for behavior that violates our Community Guidelines.

Details: